| 000 | 00480nam a22001817a 4500 | ||
|---|---|---|---|
| 003 | OSt | ||
| 005 | 20140310182026.0 | ||
| 008 | 130813t xxu||||| |||| 00| 0 eng d | ||
| 020 | _a9789717240374 | ||
| 050 |
_aBR 1 _b.F516 1960 |
||
| 082 |
_aHS 153.7 _bF49 2001 |
||
| 100 |
_aFinzel, Hans _99863 |
||
| 245 |
_aThe top ten mistakes leaders make / _cHans Finzel. |
||
| 260 |
_aPhilippines : _bCGM, _cc2001. |
||
| 300 |
_a200 p. : _c21 cm. |
||
| 942 |
_2lcc _cHS _kHS |
||
| 999 |
_c8478 _d8478 |
||